Normal view MARC view

Entry Personal Name

Number of records used in: 2

001 - CONTROL NUMBER

  • control field: 48027

003 - CONTROL NUMBER IDENTIFIER

  • control field: dpl

005 - DATE AND TIME OF LATEST TRANSACTION

  • control field: 20120528104712.0

008 - FIXED-LENGTH DATA ELEMENTS

  • fixed length control field: 120528|||a|||||| | ||| d

040 ## - CATALOGING SOURCE

  • Original cataloging agency: dpl
  • Transcribing agency: dpl

100 ## - HEADING--PERSONAL NAME

  • Personal name: Sagar, R. S.

670 ## - SOURCE DATA FOUND

  • Source citation: Work cat.: (dpl)67057: Sagar, R. S., Three decades of political and socio economic struggle /, 2010

670 ## - SOURCE DATA FOUND

  • Source citation: Work cat.: (dpl)67057: Sagar, R. S., Three decades of political and socio economic struggle /, 2010

© Delhi Public Library
Hit Counter
free hit counter